Ark Survival Evolved : All underwater creatures - Statistics

General Stats
  • This quiz has been taken 39 times
  • The average score is 15 of 19
Answer Stats
Hint Answer % Correct
Giant shark Megalodon
94%
Fast mount that resembles a sting ray Manta
91%
The light on its head is a key feature Angler
88%
Large creature that has a pack of Manta following it Basilosaurus
88%
Largest aggressive underwater creature Mosasaurus
88%
Small fish found in rivers and ponds Coelacanth
85%
A paralysing jellyfish Cnidaria
79%
Large pack creature with a long neck Plesiosaur
79%
A whale capable of destroying boats Leedsichthys
76%
Carnivores found in rivers Piranha
76%
Giant squid Tusoteuthis
76%
This snail like creature is found on the sea floor Ammonite
73%
Large armoured creature Dunkleosteus
73%
Found sliding around on beaches Trilobite
73%
Dolphin that follows around mounts Ichthyosaurus
70%
Creature that can provide oxygen to players Diplocaulus
67%
Favourite snack of the otter Sabertooth Salmon
67%
Shocking eel Electrophorus
64%
A sparkly creature of magic Liopleurodon
61%
No matching quizzes found
Score Distribution
Percent of People with Each Score
Percentile by Number Answered
Your Score History
You have not taken this quiz